LEADER 00876nas a2200229 i 4500 001 000000141622 003 CaOOAMICUS 005 20200224095604.0 008 050725b2004 ag uu u0 0mul r 013 $a116309 040 $aSeMil$bita 245 10$aA. D. 2004 : [Enero-Junio]. 260 $aBuenos Aires :$bFundación Universidad Católica Argentina,$c2004 (stampa 2005) 300 $a277 p. ;$c25 cm. 773 0 $tSapientia.$dBuenos Aires : [s.n.] $x0036-4703$w()2909 774 0 $t[vedi periodico].$w()262234 850 $aSeMil 852 $aSeMil$W1$xVenegono$y1$m60 5 33$j94842$B94842$CSeMilBibl$Z2$F105977 $85 961 $aCambio: Scuola Cattolica 996 $6245$aA. D. 2004 : [Enero-Junio]$9(OLS)http://semarc/title/206966 996 $6260$aBuenos Aires :$bFundación Universidad Católica Argentina$9(OLS)http://semarc/publisher/45338 LEADER 01310nam a2200301 i 4500 001 000000113388 003 CaOOAMICUS 005 20030324000000.0 008 030324s1988 it u000 u ita u 013 $a86074 020 $a88-211-8456-0 040 $aSeMil$bita 100 0 $aSlomoh ben Yishaq,$c.$0(OLS)http://semarc/name/35752 245 10$aCommento all'Esodo /$cRashi di Troyes ; a cura di Sergio J. Sierra. 260 $aGenova :$bMarietti,$c1988. 300 $aXXVIII, 368 p. ;$c22 cm. 490 0 $aAscolta, Israele! : commenti alle Scritture delle tradizioni ebraica e cristiana ;$v5 500 $aFondo C. M. Martini. 650 4$aBibbia. Antico Testamento. Esodo - Commentari, studi, critica, interpretazioni.$0(OLS)http://semarc/subject/6072 700 1 $aSierra, Sergio J. .$0(OLS)http://semarc/name/38110 830 0$aAscolta, Israele! ;$v5.$0(OLS)http://semarc/title/11810 850 $aSeMil 852 $aSeMil$W1$xVenegono$y1$m2Z II 298$j69084$B69084$CSeMilBibl$Z2$F76730 $81 941 1 $a4 961 $aOmaggio: Martini Card. Carlo Maria 996 $6020$a88-211-8456-0$9(OLS)http://semarc/number/96324 996 $6245$aCommento all'Esodo$9(OLS)http://semarc/title/165529 996 $6260$aGenova :$bMarietti$9(OLS)http://semarc/publisher/29997